Design of concrete structures (Record no. 3622)

000 -LEADER
fixed length control field 00547nam a22002057a 4500
001 - CONTROL NUMBER
control field 3622
003 - CONTROL NUMBER IDENTIFIER
control field BD-DhUET
008 - FIXED-LENGTH DATA ELEMENTS--GENERAL INFORMATION
fixed length control field 141102b xxu||||| |||| 00| 0 eng d
040 ## - CATALOGING SOURCE
Transcribing agency 0
Modifying agency BD-DhUET
082 ## - DEWEY DECIMAL CLASSIFICATION NUMBER
Classification number 624.183
Item number WIN/1972
100 ## - MAIN ENTRY--PERSONAL NAME
Personal name Winter, George
245 ## - TITLE STATEMENT
Title Design of concrete structures
Statement of responsibility, etc. by George Winter and Arthur H. Nilson
250 ## - EDITION STATEMENT
Edition statement 8th ed.
260 ## - PUBLICATION, DISTRIBUTION, ETC. (IMPRINT)
Place of publication, distribution, etc. New York
Name of publisher, distributor, etc. McGraw-Hill
Date of publication, distribution, etc. 1972
300 ## - PHYSICAL DESCRIPTION
Extent xii,615p.
504 ## - BIBLIOGRAPHY, ETC. NOTE
Bibliography, etc Includes bibliographies
650 #0 - SUBJECT ADDED ENTRY--TOPICAL TERM
Topical term or geographic name as entry element Reinforced concrete
700 ## - ADDED ENTRY--PERSONAL NAME
Personal name Nilson, Arthur H.
942 ## - ADDED ENTRY ELEMENTS (KOHA)
Koha item type General Book
Holdings
Koha full call number Koha issues (times borrowed) Copy number Piece designation (barcode) Date acquired Damaged status Koha date last borrowed Shelving location Lost status Source of classification or shelving scheme Koha normalized classification for sorting Koha item type Koha date last seen Not for loan Withdrawn status Location (home branch) Price effective from Sublocation or collection (holding branch)
624.183/WIN/197221398702014-11-02 2025-05-26Circulation section  624_183000000000000_WIN_1972General Book2025-06-18  Central Library, BUET2014-11-02Central Library, BUET
624.183/WIN/197212442532014-11-02 2025-05-26Circulation section  624_000000000000000_183WIN1972General Book2025-05-28  Central Library, BUET2014-11-02Central Library, BUET
624.183/WIN/1972 3398692014-11-18  Circulation section  624_000000000000000_183WIN1972General Book2014-11-18  Central Library, BUET2014-11-18Central Library, BUET
624.183/WIN/1972 4398712014-11-18  Circulation section  624_000000000000000_183WIN1972General Book2014-11-18  Central Library, BUET2014-11-18Central Library, BUET
624.183/WIN/197225428442015-02-22 2025-05-27Circulation section  624_183000000000000_WIN_1972General Book2025-06-28  Central Library, BUET2015-02-22Central Library, BUET
624.183/WIN/1972 6549302015-02-22  Circulation section  624_183000000000000_WIN_1972General Book2015-02-22  Central Library, BUET2015-02-22Central Library, BUET
624.183/WIN/197217451122015-05-07 2025-05-26Circulation section  624_183000000000000_WIN_1972General Book2025-05-27  Central Library, BUET2015-05-07Central Library, BUET